[Event "Titled Tuesday intern op 25th Mar Early"]
[Site "Chess.com INT"]
[Date "2025.03.25"]
[Round "5"]
[White "Bruhovich, Olexandr"]
[Black "Lampou, Marianta"]
[Result "0-1"]
[WhiteElo "2208"]
[BlackElo "1862"]
[PlyCount "100"]
[EventDate "2025.03.25"]
[EventType "swiss (blitz)"]
[EventRounds "11"]
[EventCountry "USA"]
[SourceTitle "CB14_2025"]
[SourceDate "2024.11.01"]
[SourceVersion "1"]
[SourceVersionDate "2024.11.01"]
[SourceQuality "1"]

1. e4 g6 2. Nf3 Bg7 3. Nc3 c6 4. d4 d5 5. Be2 Nf6 6. exd5 cxd5 7. 0-0 0-0 8. Ne5 Nc6 9. Bg5 Bf5 10. Qd2 Nxe5 11. dxe5 Ne4 12. Nxe4 Bxe4 13. Qb4 Re8 14. Qxb7 Bxe5 15. c4 Rb8 16. Qxa7 Rxb2 17. Qe3 f6 18. Bh6 Bf5 19. Rad1 d4 20. Qf3 Qb6 21. a4 Rc2 22. Bd3 Rc3 23. Qd5+ Be6 24. Qf3 Bf5 25. Qd5+ Be6 26. Qe4 Bf5 27. Qe2 Bxd3 28. Rxd3 Rxd3 29. Qxd3 Qe6 30. Bd2 Rc8 31. Rc1 Qa6 32. Qb3 Kg7 33. a5 Rc5 34. g3 Bc7 35. Bb4 Re5 36. c5 Re6 37. Qd5 Qc6 38. Qxc6 Rxc6 39. Ra1 Bb8 40. a6 Ba7 41. Ra5 e5 42. Kf1 Kf7 43. Kg1 Ke6 44. Rb5 Kd5 45. Rb7 Rxa6 46. Rxh7 Kc4 47. Be1 Bxc5 48. Rc7 Ra1 49. Kf1 d3 50. Rc6 d2 0-1

[Event "Titled Tuesday intern op 25th Mar Early"]
[Site "Chess.com INT"]
[Date "2025.03.25"]
[Round "1"]
[White "Lampou, Marianta"]
[Black "Iljin, Timofey"]
[Result "0-1"]
[WhiteElo "1862"]
[BlackElo "2253"]
[PlyCount "80"]
[EventDate "2025.03.25"]
[EventType "swiss (blitz)"]
[EventRounds "11"]
[EventCountry "USA"]
[SourceTitle "CB14_2025"]
[SourceDate "2024.11.01"]
[SourceVersion "1"]
[SourceVersionDate "2024.11.01"]
[SourceQuality "1"]

1. d4 Nf6 2. c4 g6 3. Nc3 Bg7 4. e4 d6 5. Nge2 e5 6. d5 a5 7. Ng3 Na6 8. Be2 Nc5 9. h4 h5 10. Bg5 Bh6 11. Bxh6 Rxh6 12. Qd2 Rh8 13. f4 exf4 14. Qxf4 Bg4 15. Rf1 Bxe2 16. Kxe2 Ncd7 17. Kd2 Qe7 18. Rae1 0-0-0 19. Kc1 Ng4 20. Nge2 Nde5 21. Qg3 g5 22. hxg5 h4 23. Qh3 Qxg5+ 24. Kb1 Kb8 25. Nd4 Nxc4 26. Nf3 Qg7 27. Re2 Rde8 28. Nd2 Nce5 29. Nb3 b6 30. Nd4 Kb7 31. Nc6 Nxc6 32. dxc6+ Kxc6 33. e5 Rxe5 34. Qf3+ Kd7 35. Rxe5 Nxe5 36. Qf5+ Kd8 37. Nd5 Qh7 38. Ka1 Qxf5 39. Rxf5 Rg8 40. Rxf7 Nxf7 0-1

[Event "Titled Tuesday intern op 25th Mar Early"]
[Site "Chess.com INT"]
[Date "2025.03.25"]
[Round "7"]
[White "Tamano, Ruby"]
[Black "Lampou, Marianta"]
[Result "1-0"]
[WhiteElo "2173"]
[BlackElo "1862"]
[PlyCount "117"]
[EventDate "2025.03.25"]
[EventType "swiss (blitz)"]
[EventRounds "11"]
[EventCountry "USA"]
[SourceTitle "CB14_2025"]
[SourceDate "2024.11.01"]
[SourceVersion "1"]
[SourceVersionDate "2024.11.01"]
[SourceQuality "1"]

1. d4 d5 2. Nf3 Nf6 3. c4 c6 4. Nc3 dxc4 5. e3 b5 6. a4 b4 7. Nb1 Ba6 8. Nbd2 c3 9. bxc3 bxc3 10. Nc4 Bxc4 11. Bxc4 e6 12. a5 Bb4 13. Qa4 Qe7 14. 0-0 0-0 15. Ne5 c5 16. Nd3 Nd5 17. dxc5 Bxc5 18. e4 Nb4 19. Nxb4 Bxb4 20. Rb1 Bd6 21. a6 Nd7 22. Rb7 Nc5 23. Rxe7 Nxa4 24. Rd7 Rfd8 25. Rxd8+ Rxd8 26. Be3 Bc5 27. Bf4 Nb6 28. Bb5 h6 29. Rc1 c2 30. Rxc2 Rd1+ 31. Bf1 Na4 32. g3 Bb6 33. Kg2 Nc5 34. f3 Rd4 35. Be3 Rd7 36. Rxc5 Bxc5 37. Bxc5 Rd8 38. Bxa7 Ra8 39. Bb6 Rb8 40. a7 Rc8 41. Ba6 Rc2+ 42. Kh3 g5 43. a8Q+ Kg7 44. Qb8 g4+ 45. Kxg4 h5+ 46. Kxh5 Rxh2+ 47. Kg4 f5+ 48. exf5 exf5+ 49. Kxf5 Rh5+ 50. Kg4 Rg5+ 51. Kxg5 Kh7 52. Bd3+ Kg7 53. Bd4+ Kf7 54. Bf5 Ke7 55. Qc7+ Kf8 56. Bc5+ Kg8 57. Qc8+ Kf7 58. Qd7+ Kg8 59. Qh7# 1-0

[Event "Titled Tuesday intern op 11th Feb Early"]
[Site "Chess.com INT"]
[Date "2025.02.11"]
[Round "6"]
[White "Lampou, Marianta"]
[Black "Alonso, Raphael VP Patricio"]
[Result "0-1"]
[WhiteElo "1857"]
[BlackElo "2130"]
[PlyCount "94"]
[EventDate "2025.02.11"]
[EventType "swiss (blitz)"]
[EventRounds "11"]
[EventCountry "USA"]
[SourceTitle "CB09_2025"]
[SourceDate "2025.02.27"]
[SourceVersion "1"]
[SourceVersionDate "2025.02.27"]
[SourceQuality "1"]

1. c4 Nf6 2. Nc3 g6 3. g3 Bg7 4. Bg2 0-0 5. e3 c6 6. Nge2 d5 7. cxd5 cxd5 8. d4 e6 9. 0-0 Nc6 10. Bd2 a6 11. Rc1 Bd7 12. a3 b5 13. b4 Rc8 14. Qb3 Be8 15. Rc2 Nd7 16. Rfc1 Nb6 17. Nf4 Nc4 18. Nd3 Qb6 19. Nc5 a5 20. bxa5 N6xa5 21. Qb4 Nxd2 22. Rxd2 Nc4 23. Rdc2 Ra8 24. a4 bxa4 25. Nxd5 exd5 26. Rxc4 Qxb4 27. Rxb4 Bc6 28. Ra1 Rfb8 29. Rbb1 Bf8 30. Rc1 Bxc5 31. Rxc5 Bb7 32. Bxd5 Bxd5 33. Rxd5 a3 34. Rc5 a2 35. Rcc1 Rb2 36. Kg2 Rab8 37. Rf1 Rd2 38. h4 Rbb2 39. Kf3 Kg7 40. Kg2 Rdc2 41. Kf3 Rc3 42. Kg2 Rxe3 43. Rfd1 Ree2 44. Rf1 Red2 45. Rfd1 Rxd1 46. Rxd1 Rb1 47. Rd2 a1Q 0-1

[Event "Titled Tuesday intern op 11th Feb Early"]
[Site "Chess.com INT"]
[Date "2025.02.11"]
[Round "3"]
[White "Lampou, Marianta"]
[Black "Brancaleoni, Maurizio"]
[Result "1/2-1/2"]
[WhiteElo "1857"]
[BlackElo "2180"]
[PlyCount "206"]
[EventDate "2025.02.11"]
[EventType "swiss (blitz)"]
[EventRounds "11"]
[EventCountry "USA"]
[SourceTitle "CB09_2025"]
[SourceDate "2025.02.27"]
[SourceVersion "1"]
[SourceVersionDate "2025.02.27"]
[SourceQuality "1"]

1. c4 b6 2. Nc3 Bb7 3. d4 Nf6 4. Qc2 d5 5. cxd5 Nxd5 6. e4 Nxc3 7. bxc3 e6 8. Nf3 Be7 9. Bd3 c6 10. 0-0 c5 11. Be3 0-0 12. Rad1 Qc8 13. Rfe1 cxd4 14. cxd4 Qxc2 15. Bxc2 Nd7 16. d5 exd5 17. exd5 Bd6 18. Bb3 Nc5 19. Bxc5 Bxc5 20. Ne5 Rad8 21. Re2 Rd6 22. Red2 Rfd8 23. Bc4 f6 24. Nf3 Kf8 25. Nd4 Bxd4 26. Rxd4 Re8 27. f4 Re3 28. Kf2 Rc3 29. R1d2 Ke7 30. Bb3 Kd8 31. Re2 Rc5 32. Red2 b5 33. g3 a5 34. a4 b4 35. R4d3 Rc7 36. Rd1 Re7 37. h3 Ba6 38. R3d2 Rc7 39. Re1 Rc3 40. Re3 Rc1 41. Re1 Rc5 42. Re3 Bb7 43. Red3 Kc7 44. g4 Kb6 45. Rd4 Rc7 46. Kg3 Rcd7 47. Bc4 Kc5 48. Bb3 Bxd5 49. Rc2+ Kb6 50. Bxd5 Rxd5 51. Rdc4 R5d6 52. Rc1 Rd3+ 53. Kh4 R3d6 54. f5 Re7 55. Rc5 Re5 56. Rxe5 fxe5 57. Re1 Rd5 58. g5 b3 59. f6 gxf6 60. gxf6 Kc5 61. f7 Rd8 62. Rxe5+ Kb4 63. Re8 Rd4+ 64. Kh5 Rd5+ 65. Kh6 Rf5 66. f8Q+ Rxf8 67. Rxf8 Kxa4 68. Rf4+ Ka3 69. Rf3 Ka2 70. Kxh7 b2 71. Rf2 a4 72. h4 a3 73. h5 Ka1 74. Rf1+ b1Q+ 75. Rxb1+ Kxb1 76. h6 a2 77. Kg8 a1Q 78. h7 Qa8+ 79. Kg7 Qb7+ 80. Kg8 Qc8+ 81. Kg7 Qd7+ 82. Kg8 Qe8+ 83. Kg7 Qe5+ 84. Kg8 Qe6+ 85. Kg7 Qe7+ 86. Kg8 Qg5+ 87. Kf8 Qf6+ 88. Kg8 Qg6+ 89. Kh8 Qf6+ 90. Kg8 Qd8+ 91. Kg7 Qe7+ 92. Kg8 Qe6+ 93. Kg7 Kb2 94. h8Q Kb3 95. Kh7 Qh3+ 96. Kg8 Qc8+ 97. Kh7 Qd7+ 98. Kg8 Qe8+ 99. Kh7 Qd7+ 100. Kg8 Kc4 101. Qg7 Qd5+ 102. Qf7 Kc5 103. Qxd5+ Kxd5 1/2-1/2

[Event "Titled Tuesday intern op 11th Feb Early"]
[Site "Chess.com INT"]
[Date "2025.02.11"]
[Round "2"]
[White "Lampou, Marianta"]
[Black "Shonazarov, Orash"]
[Result "0-1"]
[WhiteElo "1857"]
[BlackElo "2278"]
[PlyCount "42"]
[EventDate "2025.02.11"]
[EventType "swiss (blitz)"]
[EventRounds "11"]
[EventCountry "USA"]
[SourceTitle "CB09_2025"]
[SourceDate "2025.02.27"]
[SourceVersion "1"]
[SourceVersionDate "2025.02.27"]
[SourceQuality "1"]

1. g3 e5 2. Bg2 Nf6 3. b3 d5 4. Bb2 Nc6 5. d3 Bb4+ 6. Nd2 0-0 7. a3 Bc5 8. b4 Bxf2+ 9. Kxf2 Ng4+ 10. Ke1 Qf6 11. Ngf3 Ne3 12. Qc1 Nxg2+ 13. Kf2 Bh3 14. e4 d4 15. b5 Ne7 16. Nc4 Ng6 17. Qg5 Ne3 18. Nxe3 dxe3+ 19. Kxe3 Qb6+ 20. Kd2 Qf2+ 21. Kc3 Qxf3 0-1

[Event "Titled Tuesday intern op 04th Feb Early"]
[Site "Chess.com INT"]
[Date "2025.02.04"]
[Round "3"]
[White "Alonso, Raphael VP Patricio"]
[Black "Lampou, Marianta"]
[Result "1-0"]
[WhiteElo "2130"]
[BlackElo "1857"]
[PlyCount "55"]
[EventDate "2025.02.04"]
[EventType "swiss (blitz)"]
[EventRounds "11"]
[EventCountry "USA"]
[SourceTitle "CB07_2025"]
[SourceDate "2025.02.12"]
[SourceVersion "1"]
[SourceVersionDate "2025.02.12"]
[SourceQuality "1"]

1. e4 g6 2. d4 Bg7 3. c4 b6 4. Nc3 Bb7 5. Nf3 c5 6. d5 d6 7. Bd3 Nd7 8. 0-0 Ngf6 9. Re1 0-0 10. h3 a6 11. Bf4 Rb8 12. a4 h5 13. Qe2 Rc8 14. e5 dxe5 15. Nxe5 Nxe5 16. Bxe5 Re8 17. Rad1 Qd7 18. Ne4 Nxe4 19. Qxe4 Bxe5 20. Qxe5 Qxa4 21. Qg5 Kg7 22. Rd2 Qd7 23. Bxg6 fxg6 24. Re6 Rf8 25. Qxg6+ Kh8 26. Qxh5+ Kg7 27. Rg6+ Kf7 28. Rd6+ 1-0

[Event "Titled Tuesday intern op 28th Jan Early"]
[Site "Chess.com INT"]
[Date "2025.01.28"]
[Round "4"]
[White "Ortez, Andrea"]
[Black "Lampou, Marianta"]
[Result "0-1"]
[WhiteElo "1930"]
[BlackElo "1751"]
[PlyCount "50"]
[EventDate "2025.01.28"]
[EventType "swiss (blitz)"]
[EventRounds "11"]
[EventCountry "USA"]
[SourceTitle "CB06_2025"]
[SourceDate "2025.02.05"]
[SourceVersion "1"]
[SourceVersionDate "2025.02.05"]
[SourceQuality "1"]

1. e4 b6 2. d4 Bb7 3. Bd3 e6 4. Nf3 Nf6 5. e5 Nd5 6. c3 c5 7. 0-0 Nc6 8. c4 Ndb4 9. d5 exd5 10. cxd5 Nxd5 11. Bc4 Nc7 12. Ng5 Ne6 13. Qf3 Nxe5 14. Qxb7 Nxc4 15. Nxe6 fxe6 16. Qf3 Ne5 17. Qh5+ Nf7 18. Re1 Qf6 19. Nc3 Be7 20. Re3 0-0 21. Rh3 Qg6 22. Qe2 Qf6 23. Qh5 h6 24. Rf3 Qe5 25. Qg6 Qe1# 0-1

[Event "Titled Tuesday intern op 28th Jan Early"]
[Site "Chess.com INT"]
[Date "2025.01.28"]
[Round "2"]
[White "Skaric, Djuro"]
[Black "Lampou, Marianta"]
[Result "1-0"]
[WhiteElo "2285"]
[BlackElo "1751"]
[PlyCount "107"]
[EventDate "2025.01.28"]
[EventType "swiss (blitz)"]
[EventRounds "11"]
[EventCountry "USA"]
[SourceTitle "CB06_2025"]
[SourceDate "2025.02.05"]
[SourceVersion "1"]
[SourceVersionDate "2025.02.05"]
[SourceQuality "1"]

1. g3 c6 2. Bg2 d5 3. d3 Nf6 4. Nf3 Bf5 5. 0-0 e6 6. h3 Bd6 7. Nc3 Bg6 8. Nd2 0-0 9. e4 Nbd7 10. f4 Bc5+ 11. Kh2 h6 12. g4 dxe4 13. Ndxe4 Nxe4 14. dxe4 f5 15. gxf5 exf5 16. e5 Nb6 17. Qe2 Bf7 18. Rd1 Qe7 19. Qe1 Bh5 20. Rd3 Rad8 21. Rg3 Nd5 22. Nxd5 cxd5 23. Bd2 Qe6 24. Bf3 Bxf3 25. Rxf3 d4 26. Rd3 a6 27. b3 Rd7 28. Qg3 b5 29. Rg1 Kh8 30. Rg2 Bb6 31. h4 Bc5 32. h5 Qf7 33. Qg6 Qd5 34. Rdg3 Qf7 35. Qxa6 Qxh5+ 36. Rh3 Qf7 37. e6 Qf6 38. Qxb5 Rc7 39. b4 Be7 40. Qe5 Qxe5 41. fxe5 Rc6 42. Bf4 Rxe6 43. Rd3 Rd8 44. a3 g5 45. Bc1 Rxe5 46. Bb2 Red5 47. Rgd2 Bf6 48. a4 Be5+ 49. Kg2 g4 50. c4 R5d7 51. c5 f4 52. b5 f3+ 53. Kf1 Re7 54. c6 1-0

[Event "Titled Tuesday intern op 14th Jan Early"]
[Site "Chess.com INT"]
[Date "2025.01.14"]
[Round "5"]
[White "Lampou, Marianta"]
[Black "Akhayan, Ruben"]
[Result "1-0"]
[WhiteElo "1751"]
[BlackElo "2255"]
[PlyCount "107"]
[EventDate "2025.01.14"]
[EventType "swiss (blitz)"]
[EventRounds "11"]
[EventCountry "USA"]
[SourceTitle "CB04_2025"]
[SourceDate "2025.01.22"]
[SourceVersion "1"]
[SourceVersionDate "2025.01.22"]
[SourceQuality "1"]

1. b3 e5 2. Bb2 Nc6 3. e3 d6 4. Bb5 g6 5. d4 Bg7 6. dxe5 Bd7 7. Nf3 Nxe5 8. Bxd7+ Qxd7 9. Nxe5 Bxe5 10. Bxe5 dxe5 11. Qxd7+ Kxd7 12. Nd2 Ke7 13. Nf3 f6 14. 0-0-0 Nh6 15. h3 Nf7 16. Rd2 Rad8 17. Rhd1 Rxd2 18. Rxd2 Nd6 19. c4 Ne4 20. Rc2 Rd8 21. a3 h5 22. Nh4 Kf7 23. b4 Nd6 24. Rd2 g5 25. Nf3 Ke7 26. c5 Ne4 27. Rc2 g4 28. hxg4 hxg4 29. Nh4 Ke6 30. f3 gxf3 31. gxf3 Ng5 32. f4 Ne4 33. fxe5 Kxe5 34. Nf3+ Ke6 35. Nd4+ Kd5 36. Rf2 Rh8 37. Rf5+ Kc4 38. Rf4 Kd3 39. Rf3 Nc3 40. Kb2 Rh2+ 41. Kb3 Ne4 42. Rf1 Nd2+ 43. Ka4 Nxf1 44. Nb5 c6 45. Nxa7 Kc4 46. Nc8 Nxe3 47. Nd6+ Kc3 48. Nxb7 Nd5 49. Na5 Ra2 50. Nxc6 Nc7 51. b5 Nxb5 52. Kxb5 Rxa3 53. Kb6 Rb3+ 54. Kc7 1-0

[Event "Titled Tuesday intern op 07th Jan Early"]
[Site "Chess.com INT"]
[Date "2025.01.07"]
[Round "8"]
[White "Lampou, Marianta"]
[Black "Persson, Richard"]
[Result "1-0"]
[WhiteElo "1751"]
[BlackElo "2106"]
[PlyCount "47"]
[EventDate "2025.01.07"]
[EventType "swiss (blitz)"]
[EventRounds "11"]
[EventCountry "USA"]
[SourceTitle "CB03_2025"]
[SourceDate "2025.01.15"]
[SourceVersion "1"]
[SourceVersionDate "2025.01.15"]
[SourceQuality "1"]

1. Nf3 d5 2. g3 h5 3. Bg2 h4 4. Nxh4 e5 5. d4 e4 6. c4 g5 7. cxd5 gxh4 8. Bxe4 Nf6 9. Bg5 hxg3 10. fxg3 Qd6 11. Bxf6 Qxf6 12. Rf1 Qd6 13. Nc3 Rxh2 14. Qd3 Bh6 15. Qf3 f5 16. g4 Bg5 17. gxf5 Bh4+ 18. Kd1 Nd7 19. Nb5 Qb6 20. Qf4 Rh3 21. Nxc7+ Ke7 22. d6+ Kf7 23. Bd5+ Kf6 24. Qh6# 1-0

[Event "Titled Tuesday intern op 07th Jan Early"]
[Site "Chess.com INT"]
[Date "2025.01.07"]
[Round "11"]
[White "Neustroev, Victor"]
[Black "Lampou, Marianta"]
[Result "1-0"]
[WhiteElo "2283"]
[BlackElo "1751"]
[PlyCount "81"]
[EventDate "2025.01.07"]
[EventType "swiss (blitz)"]
[EventRounds "11"]
[EventCountry "USA"]
[SourceTitle "CB03_2025"]
[SourceDate "2025.01.15"]
[SourceVersion "1"]
[SourceVersionDate "2025.01.15"]
[SourceQuality "1"]

1. e4 e6 2. d4 d5 3. Nc3 dxe4 4. Nxe4 Nf6 5. Nxf6+ Qxf6 6. Nf3 b6 7. Bd3 Bb7 8. 0-0 Bxf3 9. Qxf3 Qxf3 10. gxf3 Nd7 11. Re1 Nf6 12. Bb5+ Kd8 13. c4 Bb4 14. Rd1 Ke7 15. a3 Bd6 16. b4 a6 17. Bc6 Ra7 18. c5 bxc5 19. bxc5 Rd8 20. Be3 Nh5 21. cxd6+ Rxd6 22. d5 exd5 23. Bxa7 Rxc6 24. Rxd5 Nf4 25. Re1+ Kf6 26. Bd4+ Kg6 27. Ra5 Kh6 28. Be3 g5 29. Bxf4 gxf4 30. Ree5 Rg6+ 31. Kf1 Rd6 32. Rf5 Rd1+ 33. Ke2 Rd7 34. Rxf4 Kg7 35. Rxa6 Re7+ 36. Kf1 Rd7 37. a4 Rd1+ 38. Kg2 Ra1 39. Ra7 Ra2 40. Rxc7 Kg6 41. Rcxf7 1-0

[Event "EU-ch U12 Girls"]
[Site "Prague"]
[Date "2024.08.25"]
[Round "4"]
[White "Lampou, Marianta"]
[Black "Sunea, Sara Maria"]
[Result "1-0"]
[WhiteElo "1777"]
[BlackElo "1871"]
[PlyCount "61"]
[EventDate "2024.08.22"]
[EventType "swiss"]
[EventRounds "9"]
[EventCountry "CZE"]
[SourceTitle "CBM 221 Extra"]
[Source "ChessBase"]
[SourceDate "2024.09.30"]
[SourceVersion "1"]
[SourceVersionDate "2024.09.30"]
[SourceQuality "1"]

1. e4 c5 2. Nf3 Nc6 3. d4 cxd4 4. Nxd4 Nf6 5. Nc3 e5 6. Ndb5 d6 7. Bg5 a6 8. Na3 b5 9. Nd5 Be7 10. Bxf6 Bxf6 11. c4 b4 12. Nc2 a5 13. g3 0-0 14. Bg2 Bg5 15. 0-0 Ne7 16. f4 Nxd5 17. Qxd5 Be6 18. Qd3 Bf6 19. f5 Bc8 20. Ne3 Bb7 21. Rad1 Bg5 22. h4 Bxe3+ 23. Qxe3 Rc8 24. b3 Qc7 25. Qd2 Rcd8 26. f6 h6 27. Rf5 Rfe8 28. Rg5 Qc5+ 29. Kh2 g6 30. Rh5 g5 31. Rxh6 1-0

[Event "GRE-chT 51st"]
[Site "Trikala"]
[Date "2024.07.08"]
[Round "5.7"]
[White "Psarianou, Eleni"]
[Black "Lampou, Marianta"]
[Result "1/2-1/2"]
[WhiteElo "1590"]
[BlackElo "1735"]
[PlyCount "129"]
[EventDate "2024.07.04"]
[EventType "team-swiss"]
[EventRounds "7"]
[EventCountry "GRE"]
[SourceTitle "CBM 221 Extra"]
[Source "ChessBase"]
[SourceDate "2024.09.30"]
[SourceVersion "1"]
[SourceVersionDate "2024.09.30"]
[SourceQuality "1"]
[WhiteTeam "Chania SA"]
[BlackTeam "Panellinios GS"]
[WhiteTeamCountry "GRE"]
[BlackTeamCountry "GRE"]

1. Nf3 d5 2. e3 Nf6 3. c4 c6 4. Nc3 e6 5. b3 Be7 6. Bb2 Nbd7 7. cxd5 exd5 8. Be2 0-0 9. 0-0 Bd6 10. d4 Ne4 11. Qc2 Ndf6 12. Bd3 Re8 13. Nd2 Nxd2 14. Qxd2 Ng4 15. g3 Qg5 16. Kg2 Qh5 17. Rh1 Re6 18. Ne2 Rf6 19. Nf4 Bxf4 20. exf4 Nh6 21. Be2 Bh3+ 22. Kg1 Qf5 23. Qd3 Qe6 24. Bf1 Bf5 25. Qd2 Re8 26. Bc3 Be4 27. Re1 Qd7 28. Bg2 Bxg2 29. Kxg2 Rfe6 30. Rxe6 Rxe6 31. Re1 Nf5 32. Re5 Nd6 33. f3 f6 34. Rxe6 Qxe6 35. Kf2 Nb5 36. Bb4 Kf7 37. a4 Nc7 38. Qe3 Qxe3+ 39. Kxe3 f5 40. Bd6 Ne6 41. Bb8 a5 42. Ba7 Ke7 43. Bb6 Kd6 44. Bxa5 c5 45. Bc3 c4 46. b4 g6 47. Kd2 Kc6 48. Ke3 Kd6 49. Kf2 Kd7 50. Ke3 Kd6 51. h3 Kd7 52. Kf2 Kd6 53. Ke3 Kd7 54. Kd2 Kd6 55. Ke3 Kd7 56. g4 Kd6 57. Bb2 Kd7 58. Bc3 Kd6 59. g5 Kd7 60. Bb2 Kd6 61. Bc3 Kd7 62. Bd2 Kd6 63. Bc1 Kd7 64. Bb2 Kd6 65. Bc3 1/2-1/2

[Event "Wch U10 Girls"]
[Site "Sharm El Sheikh"]
[Date "2023.10.18"]
[Round "3"]
[White "Lampou, Marianta"]
[Black "Kovalenko, Mariel"]
[Result "1-0"]
[WhiteElo "1456"]
[BlackElo "1184"]
[PlyCount "79"]
[EventDate "2023.10.16"]
[EventType "swiss"]
[EventRounds "11"]
[EventCountry "EGY"]
[SourceTitle "EXT 2025"]
[Source "ChessBase"]
[SourceDate "2024.10.14"]
[SourceVersion "1"]
[SourceVersionDate "2024.10.14"]
[SourceQuality "1"]

1. d4 d5 2. Bf4 c5 3. e3 Nc6 4. Nf3 Nf6 5. Nbd2 Bf5 6. dxc5 e6 7. Nb3 Rc8 8. Bb5 Ne4 9. Nfd4 Bg6 10. Nxc6 bxc6 11. Ba6 Nxc5 12. Bxc8 Qxc8 13. 0-0 Ne4 14. f3 Nf6 15. c3 Be7 16. Nd4 0-0 17. Qa4 c5 18. Nc6 Qd7 19. Qxa7 Qxc6 20. Qxe7 Re8 21. Qd6 Qb5 22. b4 cxb4 23. cxb4 Bd3 24. Rfc1 Bc4 25. a4 Qb7 26. b5 Ra8 27. b6 Ne8 28. Qc5 Ra6 29. a5 Ra8 30. Qb4 h6 31. e4 Ba6 32. exd5 Qxd5 33. Rd1 Qb7 34. Qe4 Nf6 35. Qxb7 Bxb7 36. Rd6 Kf8 37. Rc1 Rxa5 38. Rc7 Ra1+ 39. Kf2 Ra2+ 40. Rd2 1-0

[Event "GRE-chT 50th"]
[Site "Nikaia"]
[Date "2023.08.30"]
[Round "7.7"]
[White "Lampou, Marianta"]
[Black "Christodoulou, Georgia"]
[Result "0-1"]
[WhiteElo "1447"]
[BlackElo "1505"]
[PlyCount "124"]
[EventDate "2023.08.25"]
[EventType "team"]
[EventRounds "9"]
[EventCountry "GRE"]
[SourceTitle "CBM 216 Extra"]
[Source "ChessBase"]
[SourceDate "2023.11.30"]
[SourceVersion "1"]
[SourceVersionDate "2023.11.30"]
[SourceQuality "1"]
[WhiteTeam "Panionios"]
[BlackTeam "Patron"]
[WhiteTeamCountry "GRE"]
[BlackTeamCountry "GRE"]

1. d4 d5 2. c4 e6 3. Nf3 Nf6 4. Nc3 Be7 5. Bg5 0-0 6. e3 h6 7. Bh4 b6 8. Bd3 dxc4 9. Bxc4 Bb7 10. 0-0 Ne4 11. Bxe7 Qxe7 12. Rc1 Nd7 13. Bb5 c6 14. Bd3 Nxc3 15. Rxc3 c5 16. Bb5 Rac8 17. Bxd7 Bxf3 18. Qxf3 Qxd7 19. dxc5 Rxc5 20. Rxc5 bxc5 21. Qd1 Qb5 22. Qd2 c4 23. h3 Rb8 24. Qd4 Qd5 25. Qc3 Qb5 26. Rc1 Qxb2 27. Qxc4 Rb4 28. Qc8+ Kh7 29. Qc2+ Qxc2 30. Rxc2 Ra4 31. f3 Kg6 32. Kf2 Kf6 33. Rd2 Ke5 34. Ke2 Ra3 35. Kf2 f5 36. f4+ Kf6 37. Kf3 g5 38. g3 h5 39. h4 g4+ 40. Kf2 Ke7 41. Ke2 Ra6 42. Ke1 Rd6 43. Rb2 Rb6 44. Rd2 Rb1+ 45. Kf2 Ra1 46. Kg2 Rc1 47. Kf2 Rc6 48. Ke2 Rd6 49. Rd3 Rb6 50. a3 Rb2+ 51. Kf1 Rb5 52. Ke2 e5 53. Kd2 e4 54. Rc3 Kd6 55. Kc2 Kd5 56. Kd2 Rb2+ 57. Ke1 Rg2 58. Kf1 Rxg3 59. Kf2 Rh3 60. Kg2 Rxh4 61. Kg1 Rh3 62. Kg2 h4 0-1

[Event "GRE-ch U16 Girls"]
[Site "Peristeri"]
[Date "2023.07.07"]
[Round "7"]
[White "Tzavara, Eleni"]
[Black "Lampou, Marianta"]
[Result "1/2-1/2"]
[WhiteElo "1329"]
[BlackElo "1537"]
[PlyCount "176"]
[EventDate "2023.07.03"]
[EventType "swiss"]
[EventRounds "9"]
[EventCountry "GRE"]
[SourceTitle "EXT 2024"]
[Source "ChessBase"]
[SourceDate "2023.10.10"]
[SourceVersion "1"]
[SourceVersionDate "2023.10.10"]
[SourceQuality "1"]

1. e4 c6 2. d4 d5 3. exd5 cxd5 4. Bd3 Nc6 5. c3 Qc7 6. h3 Nf6 7. Ne2 g6 8. 0-0 Bf5 9. Bf4 Qd7 10. Re1 Bg7 11. Ng3 Bxd3 12. Qxd3 0-0 13. Nd2 e6 14. Nf3 Ne8 15. Re2 Nd6 16. Rae1 Rfe8 17. h4 Nf5 18. h5 Nxg3 19. Bxg3 Qe7 20. Qe3 Qf8 21. Bf4 gxh5 22. Kh2 f6 23. Qd2 Qf7 24. Bh6 Qc7+ 25. g3 e5 26. dxe5 Bxh6 27. Qxh6 Nxe5 28. Nxe5 Rxe5 29. Rxe5 fxe5 30. Qe6+ Qf7 31. Qxf7+ Kxf7 32. Rxe5 Rd8 33. Rxh5 Kg6 34. Re5 d4 35. cxd4 Rxd4 36. Re2 h5 37. Kg2 Kf5 38. Kf3 Rd3+ 39. Re3 Rd2 40. Rb3 b6 41. Ke3 Rd5 42. a4 Re5+ 43. Kf3 Kg6 44. Rb5 Re6 45. a5 Kh6 46. axb6 axb6 47. Kf4 Rf6+ 48. Rf5 Re6 49. f3 Kg6 50. Rg5+ Kh6 51. Kf5 Rc6 52. Rg8 Rc5+ 53. Ke4 Kh7 54. Rd8 Rb5 55. Rd2 Kg6 56. Rd6+ Kf7 57. Rd2 Ke6 58. f4 Rb4+ 59. Kf3 Rb3+ 60. Kg2 Rb5 61. Kh3 Kf5 62. Re2 Kg6 63. Kh4 Kf6 64. Re5 Rxb2 65. Kxh5 b5 66. Re8 b4 67. Rb8 b3 68. Rb6+ Kf5 69. Rb5+ Kf6 70. f5 Rf2 71. Rxb3 Rxf5+ 72. Kg4 Rc5 73. Rf3+ Kg6 74. Rf4 Rc3 75. Re4 Rc5 76. Kf4 Rb5 77. g4 Ra5 78. Rd4 Rb5 79. Rd6+ Kg7 80. Re6 Kf7 81. Re5 Rxe5 82. Kxe5 Kg6 83. Kf4 Kf6 84. g5+ Kg6 85. Kg4 Kg7 86. Kh5 Kh7 87. g6+ Kg7 88. Kg5 Kg8 1/2-1/2

[Event "GRE-ch U16 Girls"]
[Site "Peristeri"]
[Date "2023.07.06"]
[Round "5"]
[White "Georgopoulou, Angeliki"]
[Black "Lampou, Marianta"]
[Result "0-1"]
[WhiteElo "1052"]
[BlackElo "1537"]
[PlyCount "76"]
[EventDate "2023.07.03"]
[EventType "swiss"]
[EventRounds "9"]
[EventCountry "GRE"]
[SourceTitle "EXT 2024"]
[Source "ChessBase"]
[SourceDate "2023.10.10"]
[SourceVersion "1"]
[SourceVersionDate "2023.10.10"]
[SourceQuality "1"]

1. d4 d5 2. c4 c6 3. Nc3 e6 4. Nf3 dxc4 5. e4 b5 6. Bg5 Be7 7. Bxe7 Qxe7 8. g3 Nf6 9. e5 Nd5 10. a3 Nd7 11. Bg2 0-0 12. 0-0 N7b6 13. Qc2 Bb7 14. Ne4 Rfd8 15. Neg5 g6 16. Ne4 Nc7 17. Qd2 Kg7 18. Qf4 Nbd5 19. Qg4 h5 20. Qh3 Na6 21. g4 Nf4 22. Qh4 Qxh4 23. Nxh4 hxg4 24. Bh1 Ne2+ 25. Kg2 c5 26. f3 Bxe4 27. fxe4 g5 28. Rf2 Nf4+ 29. Kg3 Nd3 30. Rf6 gxh4+ 31. Kxg4 cxd4 32. Raf1 Nxe5+ 33. Kxh4 d3 34. Kg5 d2 35. Bf3 Nxf3+ 36. R1xf3 d1Q 37. Rxf7+ Kg8 38. Kg6 Rd7 0-1

[Event "GRE-ch U16 Girls"]
[Site "Peristeri"]
[Date "2023.07.03"]
[Round "1"]
[White "Lampou, Marianta"]
[Black "Pouliliou, Nikoleta"]
[Result "1-0"]
[WhiteElo "1537"]
[BlackElo "1130"]
[PlyCount "97"]
[EventDate "2023.07.03"]
[EventType "swiss"]
[EventRounds "9"]
[EventCountry "GRE"]
[SourceTitle "EXT 2024"]
[Source "ChessBase"]
[SourceDate "2023.10.10"]
[SourceVersion "1"]
[SourceVersionDate "2023.10.10"]
[SourceQuality "1"]

1. d4 Nf6 2. c4 e6 3. Nf3 d5 4. Nc3 Be7 5. Bg5 0-0 6. e3 a6 7. c5 h6 8. Bf4 Nh5 9. Bg3 b5 10. cxb6 cxb6 11. Bxb8 Rxb8 12. Ne5 Nf6 13. Nc6 Qc7 14. Nxb8 Qxb8 15. Bd3 b5 16. 0-0 e5 17. dxe5 Qxe5 18. Qd2 Ng4 19. g3 Bc5 20. Nxd5 Bb7 21. e4 Qh5 22. h4 g5 23. Be2 Nxf2 24. Bxh5 Nxe4+ 25. Qe3 Bxe3+ 26. Nxe3 Nxg3 27. Bxf7+ Rxf7 28. Rxf7 Kxf7 29. hxg5 hxg5 30. Rd1 Ke6 31. Kh2 Ne4 32. Rd8 Ke5 33. Rb8 Nd6 34. Ng4+ Kf4 35. Nf6 Bf3 36. Rf8 g4 37. Ne8+ Nf5 38. Ng7 g3+ 39. Kg1 Be4 40. Nxf5 Bxf5 41. Kg2 Ke5 42. Kxg3 a5 43. Rb8 Bd3 44. b3 a4 45. bxa4 bxa4 46. Rb4 Bc2 47. Rc4 Bd1 48. Rc1 Be2 49. Re1 1-0